Rome-Lido line stations Quiz Stats

 Plays Quiz not verified by Sporcle

Challenge
Share
Tweet
Embed
Score 0/13 Timer 10:00
0 Plays Today
Year Opened Station % Correct
1924Ostia Antica
62.5%
1955Basilica San Paolo
50%
1924Acilia
37.5%
1948Stella Polare
37.5%
1924EUR Magliana
25%
1924Vitinia
25%
1949Cristoforo Colombo
25%
1960Tor di Valle
12.5%
1972Casal Bernocchi - Centro Giano
12.5%
1949Castel Fusano
12.5%
2000Lido di Ostia Nord
12.5%
1924Roma Porta San Paulo
0%
1951Lido di Ostia Centro
0%

You're not logged in!

Compare scores with friends on all Sporcle quizzes.
OR
Log In

You Might Also Like...

Show Comments

Extras

Created Aug 1, 2012ReportNominate
Tags:opened, station

Top Quizzes Today


Score Distribution

Your Account Isn't Verified!

In order to create a playlist on Sporcle, you need to verify the email address you used during registration. Go to your Sporcle Settings to finish the process.

Report this User

Report this user for behavior that violates our Community Guidelines.

Details: